Religion Quiz

Random Religion or Bible Quiz

Commonest Biblical Verbs Quiz Stats

 Plays Quiz not verified by Sporcle

Challenge
Share
Tweet
Embed
Score 0/25 Timer 04:00
0 Plays Today
Rank Verb % Correct
15Go
77.9%
2Be
71.6%
18Do
62.2%
17Saying
53.6%
3Is
51.6%
6Have
47.9%
4Was
46.9%
8Are
44.8%
16Went
44%
5Said
42.2%
13Come
34.9%
9Were
34.6%
7Will
34.1%
Rank Verb % Correct
23Make
33.6%
24Did
32.6%
10Had
32%
1Shall
27.9%
14Made
21.6%
11Came
20.1%
19Let
12.8%
12Hath
10.4%
25May
9.4%
21Shalt
8.6%
22Saith
5.7%
20Behold
4.2%

You're not logged in!

Compare scores with friends on all Sporcle quizzes.
Join for Free
OR
Log In

You Might Also Like...

Show Comments

Extras

Top Quizzes Today


Score Distribution

Your Account Isn't Verified!

In order to create a playlist on Sporcle, you need to verify the email address you used during registration. Go to your Sporcle Settings to finish the process.

Report this User

Report this user for behavior that violates our Community Guidelines.

Details: